Nueva tierra de promisión

-д хадгалсан:
Номзүйн дэлгэрэнгүй
Үндсэн зохиолч: Tudela, Mariano (Зохиогч)
Формат: Ном
Хэл сонгох:испани
Хэвлэсэн: Barcelona G. P 1970
Нөхцлүүд:
Шошгууд: Шошго нэмэх
Шошго байхгүй, Энэхүү баримтыг шошголох эхний хүн болох!

MARC

LEADER 00000nam a2200000 a 4500
001 UCQ5586
003 CL-VaPUC
008 981002e19700000SP |||||||||||||||||spa|d
082 0 4 |a 863  |b TUD  |2 21 
100 0 |a Tudela, Mariano  |e author  |9 419654 
245 1 0 |a Nueva tierra de promisión 
300 |a 318 p 
942 |c BK 
945 |d 19981002 00:00:00  |a crobeson 
260 |a Barcelona  |b G. P  |c 1970 
650 0 |a Novelas españolas  |9 265052 
650 0 |a Literatura española  |9 306261 
583 |a last modification  |c 19981002 00:00:00  |k Rodrigo Vera 
999 |c 275791  |d 275789 
952 |0 0  |1 0  |4 0  |6 863_000000000000000_TUD_1970  |7 0  |8 A  |9 312620  |a BIBEDU  |b BIBEDU  |d 2019-11-20  |i 1473794  |o 863 TUD 1970  |p 1473794  |r 2019-11-20  |w 2019-11-20  |y BK  |k LIT